00421nam a2200157Ia 450000500170000000800410001702000150005808200130007310000190008624500670010525000090017226000420018130000140022365000140023765000120025120240516011407.0240331s9999 xx 000 0 und d a9559721100 bDELa334 aDe Livera, R.D 0aCo-operative banking in Sri Lanka :bthe historical background a1 st aColombobKarunaratne & Sons Ltdc2000 a387, p ., aPolitical aEconomy